000 00195 a2200097 4500
020 _a9780399176661
041 _aeng
100 _aOLiver, LIn
245 _alittle Poems for Tiny Ears
942 _cBK
999 _c31523
_d31521